Search the Library Catalogue
| 000 -LEADER | |
|---|---|
| fixed length control field | 00515nam a2200181Ia 4500 |
| 008 - FIXED-LENGTH DATA ELEMENTS--GENERAL INFORMATION | |
| fixed length control field | 191130s1996##################000#0#eng## |
| 020 ## - INTERNATIONAL STANDARD BOOK NUMBER | |
| ISBN | 9781905775330 |
| 082 ## - DEWEY DECIMAL CLASSIFICATION NUMBER | |
| Classification number | 823.0083 McC |
| 100 ## - MAIN ENTRY--AUTHOR NAME | |
| Personal name | McCourt, Frank |
| 245 ## - TITLE STATEMENT | |
| Title | Angela's ashes |
| Statement of responsibility, etc | Frank McCourt |
| 260 ## - PUBLICATION, DISTRIBUTION, ETC. (IMPRINT) | |
| Place of publication | London |
| Name of publisher | Scholastic Publications |
| Year of publication | 1996 |
| 300 ## - PHYSICAL DESCRIPTION | |
| Number of Pages | 88 p. : ill. . 20 cm. + 1 sound disc (CD) |
| 650 ## - SUBJECT ADDED ENTRY--TOPICAL TERM | |
| Topical Term | Short story |
| 991 ## - | |
| -- | 27765 |
| Withdrawn status | Lost status | Damaged status | Not for loan | Home library | Current library | Date acquired | Full call number | Accession Number | Price effective from | Koha item type |
|---|---|---|---|---|---|---|---|---|---|---|
| Anna Centenary Library | Anna Centenary Library | 13.10.2020 | 823.0083 McC | 354670 | 13.10.2020 | English Books | ||||
| Anna Centenary Library | Anna Centenary Library | 13.10.2020 | 823.0083 McC | 354671 | 13.10.2020 | English Books |